| 000 | 00892nam a2200253Ia 4500 | ||
|---|---|---|---|
| 001 | 18429 | ||
| 003 | GE_BSU | ||
| 008 | 181216s||||||||xx |||||||||||||| ||und|| | ||
| 020 | _aISBN 9781452256696 (pbk, alk, paper) | ||
| 040 | _cGE_BSU | ||
| 080 | _a005 | ||
| 100 | _aSwanson, Jane L, Nadya A. Fouad | ||
| 245 | _aCareer theory and practice | ||
| 245 | _blearning through case studies | ||
| 250 | _a2 edition. | ||
| 260 | _aLos Angeles | ||
| 260 | _bSAGE | ||
| 260 | _c2015 | ||
| 300 | _axx, 310,pages illustrations ; 24 cm | ||
| 653 | _aCareer theory and practice | ||
| 653 | _aკარიერის განვითარება - საქმის შესწავლა. პროფესიული ორიენტაციის - საქმის შესწავლა. | ||
| 653 | _aსაქმიანობის მართვა | ||
| 942 | _cBK | ||
| 999 |
_c51443 _d51443 |
||